Normal view
MARC view
- KNK-1; ISLAM-SEERAT-ZIA UN NABI
Entry Topical Term
001 - CONTROL NUMBER
- control field: 59761
003 - CONTROL NUMBER IDENTIFIER
- control field: NUST
005 - DATE AND TIME OF LATEST TRANSACTION
- control field: 20210628202410.0
008 - FIXED-LENGTH DATA ELEMENTS
- fixed length control field: 210628|| aca||aabn | a|a d
040 ## - CATALOGING SOURCE
- Original cataloging agency: NUST
- Transcribing agency: NUST
150 ## - HEADING--TOPICAL TERM
- Topical term or geographic name entry element: KNK-1; ISLAM-SEERAT-ZIA UN NABI
670 ## - SOURCE DATA FOUND
- Source citation: Work cat.: (NUST): PIR MUHAMMAD KARAM SHAH ALAZHARI MUHAMMAD KARAM SHAH ALAZHARI, PIR 59760, ZIA-UN-NABI, 2002
